[Event "C.to Regionale Lombardia"]
[Site "Solaro ITA"]
[Date "2010.05.30"]
[Round "4"]
[White "Mansueti, Marco"]
[Black "Pandini, Giuseppe"]
[Result "1-0"]
[WhiteElo "1866"]
[BlackElo "1718"]
[PlyCount "113"]
[EventDate "2010.05.28"]

1. e4 b6 2. d4 e6 3. Nc3 Bb7 4. Bd3 Be7 5. Nge2 Nf6 6. f3 c5 7. Be3 O-O 8. O-O
Nc6 9. e5 Ne8 10. f4 f5 11. d5 exd5 12. Nxd5 Nc7 13. Nxc7 Qxc7 14. Bc4+ Kh8 15.
Nc3 Na5 16. Bd5 Nc6 17. a3 a6 18. Qd3 b5 19. Rad1 Rad8 20. Bf3 c4 21. Qe2 Nb8
22. Bxb7 Qxb7 23. Nd5 d6 24. Bb6 Rc8 25. e6 Nc6 26. Qe3 Rfe8 27. Rfe1 Nd8 28.
Kh1 Nc6 29. Nxe7 Qxe7 30. Rd5 g6 31. Qc3+ Kg8 32. Bd4 Nxd4 33. Qxd4 Rc6 34. h3
Rd8 35. Rd1 Qxe6 36. Re5 Qf7 37. Rde1 dxe5 38. Qxd8+ Kg7 39. Rxe5 Re6 40. Rc5
Re7 41. Rc6 Rd7 42. Qb8 Ra7 43. Qd6 Qb7 44. Rb6 Qa8 45. Rb8 Qxb8 46. Qxb8 Rf7
47. Qb6 Rf6 48. Qd4 h6 49. Kg1 g5 50. Kf2 Kg6 51. Kf3 h5 52. fxg5 Kxg5 53. Qd8
f4 54. h4+ Kg6 55. Qg8+ Kf5 56. Qg5+ Ke6 57. Qxh5 1-0

[Event "C.to Regionale Lombardia"]
[Site "Solaro ITA"]
[Date "2010.05.30"]
[Round "4"]
[White "Mondini, Francesco"]
[Black "Oteri, Aldo"]
[Result "0-1"]
[WhiteElo "1516"]
[BlackElo "1821"]
[PlyCount "58"]
[EventDate "2010.05.28"]

1. e4 e6 2. d4 d5 3. e5 c5 4. c3 Nc6 5. Nf3 Qb6 6. Be2 f6 7. exf6 Nxf6 8. O-O
cxd4 9. Nxd4 e5 10. Nxc6 bxc6 11. Qc2 Bd6 12. b4 O-O 13. Be3 d4 14. cxd4 exd4
15. Qc4+ Kh8 16. Bxd4 Qxb4 17. Bxf6 Rxf6 18. Qxb4 Bxb4 19. a3 Ba5 20. Bf3 Ba6
21. Rd1 Re8 22. Nd2 Be2 23. Re1 Rfe6 24. Rab1 h6 25. Rxe2 Rxe2 26. Bxe2 Rxe2
27. Nf3 Bb6 28. Rb3 Ra2 29. Ne5 Ra1+ 0-1

[Event "C.to Regionale Lombardia"]
[Site "Solaro ITA"]
[Date "2010.05.30"]
[Round "4"]
[White "Necchi, Flavio"]
[Black "Falchi, Claudio"]
[Result "1-0"]
[WhiteElo "1789"]
[BlackElo "1663"]
[PlyCount "71"]
[EventDate "2010.05.28"]

1. e4 e6 2. d3 d5 3. Nd2 c5 4. Ngf3 Nf6 5. g3 Be7 6. Bg2 Nc6 7. O-O O-O 8. Re1
a6 9. e5 Nd7 10. Nf1 f6 11. exf6 Nxf6 12. d4 Nxd4 13. Nxd4 cxd4 14. Qxd4 Qc7
15. c3 Bc5 16. Bf4 Qb6 17. Qd2 Ng4 18. Ne3 Nxf2 19. Kxf2 g5 20. Bf3 gxf4 21.
gxf4 Rxf4 22. Rg1+ Kh8 23. b4 Be7 24. Kg2 Bg5 25. Raf1 d4 26. Nc4 Qc7 27. Qe2
dxc3 28. Qe5+ Qxe5 29. Nxe5 Rf6 30. Kh1 h6 31. Be4 Rb8 32. h4 Bxh4 33. Ng6+
Rxg6 34. Rxg6 Bg5 35. Rf8+ Kh7 36. Rxg5# 1-0

[Event "C.to Regionale Lombardia"]
[Site "Solaro ITA"]
[Date "2010.05.30"]
[Round "4"]
[White "Pelizzola, Danilo"]
[Black "Quagliarella, Sabino Remo"]
[Result "1/2-1/2"]
[WhiteElo "2112"]
[BlackElo "1916"]
[PlyCount "121"]
[EventDate "2010.05.28"]

1. e4 e6 2. c4 c5 3. Nc3 Nc6 4. Nf3 d6 5. Be2 Nf6 6. O-O Be7 7. b3 O-O 8. Bb2
d5 9. exd5 exd5 10. cxd5 Nxd5 11. Nxd5 Qxd5 12. d4 Bf6 13. Bc4 Qd8 14. Rb1 Bf5
15. Bd3 Bxd3 16. Qxd3 cxd4 17. Qb5 Qb6 18. a4 Rad8 19. Qxb6 axb6 20. Rfd1 Rd5
21. Rd3 Rfd8 22. Rbd1 h6 23. Kf1 b5 24. Rc1 bxa4 25. bxa4 Ra8 26. Rc4 Rda5 27.
Rb3 Rxa4 28. Rxa4 Rxa4 29. Rxb7 Rc4 30. Ne1 Rb4 31. Rxb4 Nxb4 32. Ba3 Nc6 33.
Ke2 Ne5 34. Bd6 Nc6 35. Nf3 g5 36. h3 h5 37. g4 hxg4 38. hxg4 Kg7 39. Kd3 Kg6
40. Ke4 Bg7 41. Ne1 Nd8 42. Nd3 Ne6 43. f3 Bh8 44. Nb4 Bg7 45. Nc6 Bf6 46. Na5
Bd8 47. Nb3 Bb6 48. Nd2 Bd8 49. Bb8 Be7 50. Nf1 Nc5+ 51. Kxd4 Nd7 52. Bc7 f5
53. Ng3 fxg4 54. fxg4 Nf6 55. Nf5 Ba3 56. Ne3 Bc1 57. Bd8 Bxe3+ 58. Kxe3 Nxg4+
59. Ke2 Nf6 60. Bxf6 Kxf6 61. Kf3 1/2-1/2

[Event "C.to Regionale Lombardia"]
[Site "Solaro ITA"]
[Date "2010.05.30"]
[Round "4"]
[White "Quaranta, Cristiano"]
[Black "Sbarra, Marco"]
[Result "0-1"]
[WhiteElo "2117"]
[BlackElo "2309"]
[PlyCount "32"]
[EventDate "2010.05.28"]

1. d4 Nf6 2. c4 e6 3. g3 d5 4. Nf3 dxc4 5. Bg2 Nc6 6. Qa4 Bb4+ 7. Bd2 Nd5 8.
Bxb4 Ndxb4 9. a3 b5 10. Qxb5 Nc2+ 11. Kd1 Nxa1 12. Qxc6+ Bd7 13. Qxc4 Rb8 14.
b4 c5 15. dxc5 Bb5+ 16. Qd4 Ba4+ 0-1

[Event "C.to Regionale Lombardia"]
[Site "Solaro ITA"]
[Date "2010.05.30"]
[Round "4"]
[White "Ranfagni, Stefano"]
[Black "Giannotti, Salvatore"]
[Result "1/2-1/2"]
[WhiteElo "2011"]
[BlackElo "1775"]
[PlyCount "46"]
[EventDate "2010.05.28"]

1. e4 d6 2. d4 Nf6 3. Nc3 Nbd7 4. f4 e5 5. fxe5 dxe5 6. dxe5 Nxe5 7. Qxd8+ Kxd8
8. Bg5 c6 9. O-O-O+ Kc7 10. Bf4 Bd6 11. Kb1 Nfg4 12. Nh3 f6 13. Be2 Nf7 14.
Rxd6 Nxd6 15. Bxg4 Bxg4 16. Nf2 h5 17. h3 Be6 18. Rd1 Rad8 19. e5 fxe5 20. Bxe5
Rhe8 21. Bh2 Bd5 22. Nxd5+ cxd5 23. Nd3 Kc8 1/2-1/2

[Event "C.to Regionale Lombardia"]
[Site "Solaro ITA"]
[Date "2010.05.30"]
[Round "4"]
[White "Regorda, Vittorio"]
[Black "Rossi, Giampiero"]
[Result "0-1"]
[WhiteElo "1860"]
[BlackElo "1890"]
[PlyCount "138"]
[EventDate "2010.05.28"]

1. d4 d5 2. Nf3 c6 3. c4 e6 4. Qc2 Nf6 5. g3 Nbd7 6. Bg2 Be7 7. O-O O-O 8. Nbd2
b6 9. e4 Bb7 10. e5 Ne8 11. Re1 Rc8 12. b3 Qc7 13. Bb2 Qb8 14. Rac1 Nc7 15. h4
Rfd8 16. Ng5 Bxg5 17. hxg5 c5 18. Qd1 cxd4 19. Bxd4 dxc4 20. Bxb7 Qxb7 21. Nxc4
Ne8 22. Qg4 Nf8 23. Rcd1 Rd7 24. Rd2 Rcd8 25. Red1 Ng6 26. f4 b5 27. Na5 Qc7
28. b4 Ne7 29. Qe2 Nf5 30. Bf2 Rxd2 31. Rxd2 Qc1+ 32. Qe1 Qxd2 33. Qxd2 Rxd2
34. Nc6 a6 35. g4 Rc2 36. Nb8 Ne7 37. Nxa6 Rxa2 38. Nb8 Nd5 39. f5 Nec7 40. Nd7
Rxf2 41. Kxf2 Nxb4 42. Ke2 Nbd5 43. Kd3 b4 44. Kc4 exf5 45. gxf5 Ne3+ 46. Kxb4
Nxf5 47. Kc5 Ne6+ 48. Kc4 Nxg5 49. Kd3 h5 50. Ke2 Nh7 51. Nc5 g5 52. Kf3 Nd4+
53. Ke3 Ne6 54. Ne4 Kg7 55. Ng3 Kg6 56. Ne4 g4 57. Nd6 Nhg5 58. Kf2 Nf3 59. Nc4
Neg5 60. Kg3 Kf5 61. Nd6+ Kxe5 62. Ne8 f5 63. Ng7 h4+ 64. Kg2 h3+ 65. Kh1 Nd2
66. Kh2 f4 67. Nh5 Ke4 68. Nf6+ Kf3 69. Nd5 g3+ 0-1

[Event "C.to Regionale Lombardia"]
[Site "Solaro ITA"]
[Date "2010.05.30"]
[Round "4"]
[White "Rettore, Ludwig"]
[Black "Rota, Simone"]
[Result "0-1"]
[WhiteElo "2169"]
[BlackElo "2019"]
[PlyCount "62"]
[EventDate "2010.05.28"]

1. d4 d5 2. Nf3 e6 3. c4 c6 4. Nc3 Nf6 5. Bg5 Be7 6. e3 Nbd7 7. Bd3 dxc4 8.
Bxc4 b5 9. Bd3 Bb7 10. O-O a6 11. e4 h6 12. Bh4 c5 13. e5 Nd5 14. Ne4 g5 15.
Bg3 c4 16. Bc2 Kf8 17. Ne1 h5 18. h3 g4 19. hxg4 h4 20. Bh2 h3 21. gxh3 Rxh3
22. g5 Kg7 23. Qg4 Qh8 24. Nf3 Nb4 25. Bd1 Rg8 26. Nf6 Nxf6 27. exf6+ Bxf6 28.
gxf6+ Kf8 29. Ng5 Rxh2 30. f3 Rh5 31. Qf4 Rgxg5+ 0-1

[Event "C.to Regionale Lombardia"]
[Site "Solaro ITA"]
[Date "2010.05.30"]
[Round "4"]
[White "Ronconi, Fausto"]
[Black "Marchesotti, Giovanni"]
[Result "1-0"]
[WhiteElo "1761"]
[BlackElo "1591"]
[PlyCount "65"]
[EventDate "2010.05.28"]

1. d4 Nf6 2. c4 e6 3. a3 d5 4. Nc3 Be7 5. Bf4 a6 6. Nf3 O-O 7. e3 c5 8. dxc5
dxc4 9. Bxc4 Nbd7 10. b4 b5 11. Be2 Bb7 12. O-O Nd5 13. Nxd5 Bxd5 14. Qc2 Qc8
15. Ne5 Nxe5 16. Bxe5 f6 17. Bg3 e5 18. Bd3 Qb7 19. Bxh7+ Kh8 20. f3 Rfc8 21.
Be4 Bxe4 22. Qxe4 Qxe4 23. fxe4 a5 24. Rfd1 axb4 25. axb4 Ra4 26. Rxa4 bxa4 27.
Ra1 Bxc5 28. bxc5 Rxc5 29. Rxa4 Rc1+ 30. Kf2 Rc2+ 31. Kf3 Rc1 32. Bf2 Rc2 33.
g4 1-0

[Event "C.to Regionale Lombardia"]
[Site "Solaro ITA"]
[Date "2010.05.30"]
[Round "4"]
[White "Schingaro, Angelo"]
[Black "Regorda, Massimiliano"]
[Result "1/2-1/2"]
[WhiteElo "1714"]
[BlackElo "1911"]
[PlyCount "83"]
[EventDate "2010.05.28"]

1. e4 d5 2. exd5 Qxd5 3. Nc3 Qa5 4. d4 Nf6 5. Nf3 Bf5 6. Bd2 c6 7. Bc4 e6 8.
Bb3 Bb4 9. a3 Bxc3 10. Bxc3 Qd8 11. Qe2 O-O 12. O-O Nbd7 13. Rad1 Ne4 14. h3
Nxc3 15. bxc3 Qa5 16. Nh4 Qxa3 17. Nxf5 exf5 18. Qd3 g6 19. Ra1 Qd6 20. Rfe1
Nf6 21. c4 Rfe8 22. c5 Qc7 23. Qf1 a6 24. Qd3 Re7 25. Rxe7 Qxe7 26. Qg3 Re8 27.
f3 Nh5 28. Qf2 Nf4 29. Bc4 Qe3 30. Rb1 Qc3 31. Bf1 Re7 32. Rb3 Qa1 33. Re3 Rxe3
34. Qxe3 Ne6 35. c3 a5 36. Kf2 a4 37. Bc4 Qb2+ 38. Kg1 a3 39. Bxe6 fxe6 40.
Qxe6+ Kg7 41. Qe7+ Kh6 42. Qh4+ 1/2-1/2

[Event "C.to Regionale Lombardia"]
[Site "Solaro ITA"]
[Date "2010.05.30"]
[Round "4"]
[White "Squillante, Michele"]
[Black "Giovarruscio, Gabriele"]
[Result "1-0"]
[WhiteElo "1725"]
[BlackElo "1670"]
[PlyCount "113"]
[EventDate "2010.05.28"]

1. d4 Nf6 2. Nf3 e6 3. Bg5 h6 4. Bh4 b6 5. Nbd2 Bb7 6. e3 Be7 7. Bd3 O-O 8. O-O
d5 9. Ne5 Nbd7 10. f4 c5 11. c3 cxd4 12. exd4 a6 13. Qe2 b5 14. f5 exf5 15.
Bxf5 Nxe5 16. Qxe5 Re8 17. Qf4 Qb8 18. Qxb8 Raxb8 19. Rae1 Rbd8 20. Re2 Kf8 21.
Rfe1 Bc6 22. Nf3 Ng8 23. Bg3 Bf6 24. Bc7 Rxe2 25. Rxe2 Re8 26. Bd6+ Be7 27.
Bxe7+ Rxe7 28. Kf2 Rxe2+ 29. Kxe2 Ne7 30. Bd3 f6 31. Nh4 Kf7 32. Nf5 Nxf5 33.
Bxf5 g6 34. Bc2 f5 35. Ke3 Kf6 36. g3 g5 37. Bd1 g4 38. Kf4 a5 39. Bc2 Bd7 40.
b3 h5 41. Bd3 a4 42. bxa4 bxa4 43. a3 Kg6 44. Ke5 Kg5 45. c4 dxc4 46. Bxc4 h4
47. d5 h3 48. d6 f4 49. gxf4+ Kh4 50. Bd5 g3 51. hxg3+ Kxg3 52. f5 h2 53. f6
Bh3 54. f7 Bg2 55. Bxg2 Kxg2 56. f8=Q h1=Q 57. Qa8+ 1-0

[Event "C.to Regionale Lombardia"]
[Site "Solaro ITA"]
[Date "2010.05.30"]
[Round "4"]
[White "Turini, Gianluca"]
[Black "Iori, Edmondo"]
[Result "0-1"]
[WhiteElo "1764"]
[BlackElo "1520"]
[PlyCount "92"]
[EventDate "2010.05.28"]

1. d4 d5 2. c4 e6 3. Nc3 Nf6 4. Bg5 Be7 5. e3 O-O 6. Nf3 Ne4 7. Bxe7 Qxe7 8.
cxd5 Nxc3 9. bxc3 exd5 10. Qc2 Bg4 11. Be2 c6 12. O-O Nd7 13. c4 dxc4 14. Qxc4
Nb6 15. Qc2 Nd5 16. Rfb1 Rfe8 17. Rb3 Rec8 18. Rab1 Rc7 19. a4 g6 20. e4 Nf4
21. Bf1 Ne6 22. Qb2 Bxf3 23. Rxf3 Rd8 24. Rd3 Rcd7 25. Qd2 Rxd4 26. Rxd4 Rxd4
27. Qc2 Nc5 28. f3 Rxa4 29. Kh1 Rd4 30. Qc3 Ne6 31. Bc4 Rd7 32. Ba2 c5 33. g3
b6 34. f4 Nd4 35. e5 Qd8 36. Qc4 Ne6 37. Kg2 Rd2+ 38. Kh3 Qd7 39. g4 Rd4 40.
Qf1 Nxf4+ 41. Kg3 Ne6 42. Rb3 Qe7 43. Rf3 Ng5 44. Re3 Re4 45. Bxf7+ Qxf7 46.
Qxf7+ Kxf7 0-1

[Event "C.to Regionale Lombardia"]
[Site "Solaro ITA"]
[Date "2010.05.30"]
[Round "4"]
[White "Valenti, Giuseppe"]
[Black "Margstahler, Francesco"]
[Result "1-0"]
[WhiteElo "2128"]
[BlackElo "1799"]
[PlyCount "137"]
[EventDate "2010.05.28"]

1. e4 c6 2. d4 d5 3. Nd2 dxe4 4. Nxe4 Bf5 5. Ng3 Bg6 6. Bc4 e6 7. N1e2 Nf6 8.
h4 h6 9. Nf4 Bh7 10. Qe2 Bd6 11. c3 O-O 12. Ngh5 Nbd7 13. Nxf6+ Nxf6 14. Bd2
Re8 15. O-O-O Qc7 16. Nd3 b5 17. Bb3 a5 18. Ne5 c5 19. Bf4 c4 20. Bc2 Bxc2 21.
Kxc2 b4 22. g4 Nd5 23. Bd2 b3+ 24. axb3 cxb3+ 25. Kxb3 Reb8+ 26. Kc2 Qb7 27.
Bc1 Qb3+ 28. Kd2 Bxe5 29. Qxe5 Nb6 30. Ke1 Nc4 31. Qe4 Nxb2 32. Bxb2 Qxb2 33.
Rh3 a4 34. g5 a3 35. gxh6 g6 36. Qe5 f6 37. Qxe6+ Kh7 38. Qf7+ Kxh6 39. h5 Re8+
40. Kf1 Qe2+ 41. Kg2 Qg4+ 42. Rg3 Qe4+ 43. Kg1 Rg8 44. Rxg6+ Rxg6+ 45. Qxg6+
Qxg6+ 46. hxg6 Kxg6 47. Kf1 a2 48. Ra1 Ra3 49. Ke2 Rxc3 50. Rxa2 Kf5 51. Rd2
Ke6 52. Rd3 Rc2+ 53. Ke3 Kd5 54. f3 Rc1 55. Kf4 Rc4 56. Kf5 Rc6 57. f4 Ra6 58.
Rd1 Rb6 59. Kg6 Ra6 60. f5 Rb6 61. Re1 Kxd4 62. Re6 Rb8 63. Kxf6 Rf8+ 64. Kg6
Kd5 65. Re2 Ra8 66. f6 Ra1 67. f7 Rg1+ 68. Kf6 Rf1+ 69. Ke7 1-0

[Event "C.to Regionale Lombardia"]
[Site "Solaro ITA"]
[Date "2010.05.30"]
[Round "5"]
[White "Angelini, Marco"]
[Black "Quaranta, Cristiano"]
[Result "0-1"]
[WhiteElo "2062"]
[BlackElo "2117"]
[PlyCount "44"]
[EventDate "2010.05.28"]

1. e4 e6 2. d4 d5 3. Nc3 Nf6 4. e5 Nfd7 5. f4 c5 6. Nf3 Nc6 7. Be3 Be7 8. Qd2
O-O 9. O-O-O c4 10. g4 b5 11. Nxb5 Rb8 12. Nd6 Bxd6 13. exd6 Nf6 14. Ne5 Nb4
15. Kb1 Ne4 16. Qe1 c3 17. b3 Nxa2 18. Kxa2 Qa5+ 19. Kb1 Qa3 20. Bc1 Rxb3+ 21.
cxb3 Qxb3+ 22. Ka1 c2 0-1

[Event "C.to Regionale Lombardia"]
[Site "Solaro ITA"]
[Date "2010.05.30"]
[Round "5"]
[White "Astengo, Corrado"]
[Black "Betori, Alessandro"]
[Result "1/2-1/2"]
[WhiteElo "2163"]
[BlackElo "1984"]
[PlyCount "33"]
[EventDate "2010.05.28"]

1. e4 d5 2. exd5 Qxd5 3. Nc3 Qa5 4. d4 Nf6 5. Bc4 Bf5 6. Nf3 c6 7. Bd2 e6 8.
O-O Bb4 9. a3 Bxc3 10. Bxc3 Qc7 11. Ne5 Nbd7 12. Qe2 O-O 13. Rfe1 Nxe5 14. dxe5
Nd5 15. Bxd5 cxd5 16. Bb4 Rfc8 17. c3 1/2-1/2

[Event "C.to Regionale Lombardia"]
[Site "Solaro ITA"]
[Date "2010.05.30"]
[Round "5"]
[White "Astengo, Marcello"]
[Black "Ronconi, Fausto"]
[Result "1-0"]
[WhiteElo "2098"]
[BlackElo "1761"]
[PlyCount "61"]
[EventDate "2010.05.28"]

1. d4 d5 2. c4 e6 3. Nc3 Nf6 4. cxd5 exd5 5. Bg5 c6 6. e3 Be7 7. Qc2 h6 8. Bh4
O-O 9. Bd3 Re8 10. Nge2 Ne4 11. Bxe7 Qxe7 12. Bxe4 dxe4 13. Ng3 f5 14. O-O Na6
15. a3 Nc7 16. Rae1 Nd5 17. f3 Nxc3 18. bxc3 Qg5 19. fxe4 fxe4 20. Nxe4 Qe7 21.
Nf6+ gxf6 22. Qg6+ Kh8 23. Rxf6 Rg8 24. Qxh6+ Qh7 25. Qf4 Bh3 26. Rh6 Bxg2 27.
Rxh7+ Kxh7 28. Qh4+ Kg7 29. Kxg2 Raf8 30. Kh1 Rf7 31. Rg1+ 1-0

[Event "C.to Regionale Lombardia"]
[Site "Solaro ITA"]
[Date "2010.05.30"]
[Round "5"]
[White "Attuati, Luca"]
[Black "Mondini, Francesco"]
[Result "0-1"]
[WhiteElo "1446"]
[BlackElo "1516"]
[PlyCount "88"]
[EventDate "2010.05.28"]

1. e4 e5 2. Nf3 Nc6 3. Bb5 a6 4. Ba4 b5 5. Bb3 Nf6 6. d3 Bc5 7. Be3 Bxe3 8.
fxe3 O-O 9. O-O d6 10. h3 Na5 11. Nc3 Bb7 12. Qe1 c5 13. Bd5 Nc6 14. a3 b4 15.
Ne2 bxa3 16. Rxa3 Nxd5 17. exd5 Nb4 18. Qd2 Nxd5 19. e4 Ne7 20. Ng3 Qc7 21. c4
f5 22. Ng5 Qd7 23. Qe1 h6 24. Nf3 Qe6 25. Nd2 f4 26. Ne2 Qg6 27. Nf3 Bc8 28.
Qh4 Nc6 29. Rb3 Nb4 30. Rc1 Bb7 31. Nc3 Nxd3 32. Rxb7 Nxc1 33. Kh2 Rab8 34. Ra7
Rxb2 35. Qg4 Qxg4 36. hxg4 Rc2 37. Nd5 Rb8 38. Kg1 Ne2+ 39. Kh2 Ng3 40. g5 Rb1
41. Ne7+ Kf8 42. Ng6+ Ke8 43. Kh3 Rh1+ 44. Kg4 h5# 0-1

[Event "C.to Regionale Lombardia"]
[Site "Solaro ITA"]
[Date "2010.05.30"]
[Round "5"]
[White "Attuati, Stefano"]
[Black "Ricci, Marco"]
[Result "0-1"]
[WhiteElo "1867"]
[BlackElo "2094"]
[PlyCount "42"]
[EventDate "2010.05.28"]

1. e4 e6 2. d4 d5 3. Nc3 Nf6 4. e5 Nfd7 5. f4 c5 6. Nf3 Nc6 7. Be3 cxd4 8. Nxd4
Bc5 9. Qd2 O-O 10. O-O-O Nxd4 11. Bxd4 Bxd4 12. Qxd4 Qb6 13. Qd2 f6 14. Nxd5
exd5 15. Qxd5+ Kh8 16. e6 Qe3+ 17. Qd2 Qxe6 18. Bb5 Qxa2 19. Qb4 b6 20. Bc6 Rb8
21. c3 Nc5 0-1

[Event "C.to Regionale Lombardia"]
[Site "Solaro ITA"]
[Date "2010.05.30"]
[Round "5"]
[White "Barolo, Andrea"]
[Black "Bernasconi, Roberto"]
[Result "1-0"]
[WhiteElo "1763"]
[BlackElo "1931"]
[PlyCount "75"]
[EventDate "2010.05.28"]

1. e4 e5 2. Nf3 Nf6 3. Nxe5 d6 4. Nf3 Nxe4 5. d4 d5 6. Bd3 Be7 7. O-O Nc6 8. c3
O-O 9. h3 h6 10. Re1 Nf6 11. Bf4 Bd6 12. Ne5 Ne7 13. Nd2 Bf5 14. Ndf3 c5 15.
Bxf5 Nxf5 16. Qd3 Ne7 17. Qe3 b6 18. g4 Ne4 19. Bxh6 gxh6 20. Qxh6 Bxe5 21.
dxe5 Ng6 22. Rxe4 dxe4 23. Ng5 Qxg5 24. Qxg5 Rfe8 25. Rd1 Rxe5 26. Qf6 Re6 27.
Qf5 Re5 28. Qd7 Nh4 29. Qb7 Nf3+ 30. Kg2 Ree8 31. Rd7 Ng5 32. h4 Reb8 33. Qd5
Ne6 34. Qxe4 Re8 35. Qf3 Rf8 36. Rxf7 Rxf7 37. Qxa8+ Kg7 38. Qe4 1-0

[Event "C.to Regionale Lombardia"]
[Site "Solaro ITA"]
[Date "2010.05.30"]
[Round "5"]
[White "Bonazzi, Edoardo"]
[Black "Lapiccirella, Daniele"]
[Result "1/2-1/2"]
[WhiteElo "2171"]
[BlackElo "2206"]
[PlyCount "22"]
[EventDate "2010.05.28"]

1. Nf3 d5 2. c4 c6 3. g3 Nf6 4. Bg2 Bg4 5. cxd5 Bxf3 6. Bxf3 cxd5 7. Qb3 Qd7 8.
Nc3 e6 9. d4 Nc6 10. e3 Be7 11. O-O O-O 1/2-1/2

[Event "C.to Regionale Lombardia"]
[Site "Solaro ITA"]
[Date "2010.05.30"]
[Round "5"]
[White "Cornaggia, Ranieri"]
[Black "Greco, Umberto"]
[Result "1-0"]
[WhiteElo "2000"]
[BlackElo "1749"]
[PlyCount "33"]
[EventDate "2010.05.28"]

1. e4 c5 2. Nf3 d6 3. d4 cxd4 4. Nxd4 Nf6 5. Nc3 g6 6. Be3 Bg7 7. f3 O-O 8. Bc4
Nc6 9. Qd2 Nxd4 10. Bxd4 a6 11. O-O-O b5 12. Bb3 Nd7 13. Bxg7 Kxg7 14. h4 Qb6
15. h5 Rh8 16. hxg6 fxg6 17. Qh6+ 1-0

[Event "C.to Regionale Lombardia"]
[Site "Solaro ITA"]
[Date "2010.05.30"]
[Round "5"]
[White "Dal Lago, Emilio"]
[Black "Franceschetti, Nando"]
[Result "1/2-1/2"]
[WhiteElo "1436"]
[BlackElo "1872"]
[PlyCount "69"]
[EventDate "2010.05.28"]

1. g3 Nf6 2. Bg2 d6 3. h3 g6 4. b3 Bg7 5. Bb2 e5 6. d3 c6 7. g4 O-O 8. e3 Be6
9. Nc3 Nbd7 10. Nge2 Re8 11. Na4 Qc7 12. Qd2 Rac8 13. c4 a6 14. f4 exf4 15.
Nxf4 Nb6 16. Nxb6 Qxb6 17. Bd4 Qc7 18. Qc3 Qd8 19. g5 Nh5 20. Nxh5 Bxd4 21.
Qxd4 gxh5 22. O-O-O Bf5 23. Rdf1 Bg6 24. Rf6 Qe7 25. e4 Qe5 26. Qxe5 dxe5 27.
h4 Rcd8 28. Kd2 Re7 29. Bh3 Bxe4 30. Bf5 Bxh1 31. Rh6 e4 32. Bxh7+ Kg7 33. Rxh5
e3+ 34. Ke1 Bf3 35. Rh6 1/2-1/2

[Event "C.to Regionale Lombardia"]
[Site "Solaro ITA"]
[Date "2010.05.30"]
[Round "5"]
[White "Falchi, Claudio"]
[Black "Biava, Pierluigi"]
[Result "1-0"]
[WhiteElo "1663"]
[BlackElo "1799"]
[PlyCount "93"]
[EventDate "2010.05.28"]

1. e4 c5 2. Nc3 e6 3. g3 Nc6 4. Bg2 Nge7 5. d3 d5 6. f4 d4 7. Nce2 g6 8. Nf3 h6
9. O-O Bg7 10. h3 Qb6 11. Kh2 Bd7 12. g4 O-O-O 13. c3 f5 14. e5 Nd5 15. a3 Ne3
16. Bxe3 dxe3 17. b4 fxg4 18. bxc5 Qxc5 19. d4 Qe7 20. hxg4 Rdf8 21. Kg1 g5 22.
fxg5 hxg5 23. Qd3 Rxf3 24. Bxf3 Nxe5 25. Qxe3 Nxf3+ 26. Rxf3 Bc6 27. Rh3 Rf8
28. Rf1 Rxf1+ 29. Kxf1 Bd5 30. Rh5 Qf6+ 31. Qf2 Qxf2+ 32. Kxf2 Bf6 33. Ke3 Kd7
34. Ng3 Be7 35. Rh7 Bb3 36. Ne4 Bc2 37. Rg7 Bd1 38. Nf2 Bc2 39. Kd2 Bb3 40. Ne4
Bd5 41. Nxg5 Ke8 42. Rxe7+ Kxe7 43. Ke3 Kf6 44. Kf4 b6 45. Ne4+ Kg6 46. Nd6 a6
47. Nc8 1-0

[Event "C.to Regionale Lombardia"]
[Site "Solaro ITA"]
[Date "2010.05.30"]
[Round "5"]
[White "Giannotti, Salvatore"]
[Black "Cardani, Roberto"]
[Result "0-1"]
[WhiteElo "1775"]
[BlackElo "1998"]
[PlyCount "46"]
[EventDate "2010.05.28"]

1. d4 Nf6 2. Nf3 g6 3. Nbd2 d5 4. e3 Bg7 5. Bd3 Nbd7 6. O-O c5 7. c3 b6 8. b4
O-O 9. bxc5 bxc5 10. Rb1 Qc7 11. e4 cxd4 12. cxd4 dxe4 13. Nxe4 Bb7 14. Re1
Bxe4 15. Bxe4 Nxe4 16. Rxe4 Nf6 17. Bf4 Qd7 18. Ne5 Qf5 19. Qf3 Qxe4 20. Qxe4
Nxe4 21. Nc6 e6 22. Ne7+ Kh8 23. d5 Nc3 0-1

[Event "C.to Regionale Lombardia"]
[Site "Solaro ITA"]
[Date "2010.05.30"]
[Round "5"]
[White "Giovarruscio, Gabriele"]
[Black "Colombo, Luca"]
[Result "0-1"]
[WhiteElo "1670"]
[BlackElo "1911"]
[PlyCount "250"]
[EventDate "2010.05.28"]

1. Nf3 Nf6 2. c4 g6 3. g3 Bg7 4. Bg2 d6 5. d4 O-O 6. Nc3 Nbd7 7. O-O c5 8. e3
Rb8 9. a4 b6 10. d5 Ba6 11. Nb5 Bxb5 12. axb5 Qc7 13. Qc2 Ng4 14. Bh3 Nge5 15.
Nxe5 Nxe5 16. Bg2 Qd7 17. Ra2 f5 18. b3 Ra8 19. Bb2 Bh6 20. Bxe5 dxe5 21. d6
Rad8 22. dxe7 Qxe7 23. Bd5+ Kh8 24. Rfa1 Rd7 25. Re1 e4 26. Qe2 Bg7 27. Rd1
Rfd8 28. Rc1 Qe5 29. Rcc2 Bf6 30. Ra3 Rg7 31. Rca2 Rdd7 32. Kf1 h6 33. Kg2 Qb8
34. Rd2 Bc3 35. Rd1 Bb4 36. Ra2 Rd6 37. h4 Rgd7 38. Rh1 Qf8 39. Rh3 Qf6 40. Rc2
Rg7 41. Rc1 Qe5 42. Rch1 Rgd7 43. Qa2 Kg7 44. Qa4 Rc7 45. Qa1 Bc3 46. Qd1 Rcd7
47. Qc2 a6 48. bxa6 Ra7 49. Qa2 Ba5 50. Qa1 Qxa1 51. Rxa1 Rxa6 52. Rhh1 Ra7 53.
Ra4 Rc7 54. Ra2 Kf6 55. f3 exf3+ 56. Kxf3 Ke5 57. Re2 Rf6 58. Kg2 Re7 59. Ra1
Rd6 60. Rf1 Rxd5 61. cxd5 Kxd5 62. Rd1+ Kc6 63. Kf3 Re4 64. Rd3 b5 65. Ra2 c4
66. bxc4 bxc4 67. Rda3 Bb6 68. Rc3 Kc5 69. Ra4 Bc7 70. Rc2 Kb5 71. Ra8 Bb6 72.
Rc3 Kb4 73. Rca3 Bc5 74. R8a4+ Kb5 75. Ra5+ Kb6 76. Ra6+ Kb7 77. Ra2 Rxe3+ 78.
Kg2 Bb6 79. R6a4 c3 80. Rc4 Bc7 81. Kf2 Rd3 82. g4 Rh3 83. Raa4 c2 84. Rab4+
Bb6+ 85. Kg2 fxg4 86. Rxc2 Re3 87. Rcb2 Re6 88. Rxg4 Kc7 89. Rb3 Kd7 90. Rb2
Ke7 91. Ra2 Kf6 92. Rc4 Kf5 93. Ra3 g5 94. Rf3+ Ke5 95. hxg5 hxg5 96. Rb4 Bd8
97. Re3+ Kf6 98. Rd3 Be7 99. Rf3+ Kg6 100. Rb7 Bf6 101. Rb4 Rd6 102. Kh3 Re6
103. Kg4 Rd6 104. Rc4 Be5 105. Kh3 Bf4 106. Kg4 Rf6 107. Rc8 Rf7 108. Rg8+ Rg7
109. Rc8 Rf7 110. Rh3 Be5 111. Rc6+ Rf6 112. Rf3 Rxc6 113. Rb3 Rc4+ 114. Kh3
Kf5 115. Rf3+ Rf4 116. Rb3 g4+ 117. Kg2 Rc4 118. Rb1 Rc2+ 119. Kf1 Kf4 120.
Rb4+ Kf3 121. Rb3+ Bc3 122. Rb1 g3 123. Rd1 Rd2 124. Rb1 g2+ 125. Kg1 Bd4+ 0-1

[Event "C.to Regionale Lombardia"]
[Site "Solaro ITA"]
[Date "2010.05.30"]
[Round "5"]
[White "Gonella, Graziano"]
[Black "Turini, Gianluca"]
[Result "0-1"]
[WhiteElo "1281"]
[BlackElo "1764"]
[PlyCount "64"]
[EventDate "2010.05.28"]

1. e4 c5 2. Nf3 d6 3. d4 cxd4 4. Nxd4 Nf6 5. Nc3 a6 6. Bc4 e6 7. O-O Be7 8. Bg5
h6 9. Bxf6 Bxf6 10. Re1 O-O 11. Qf3 Bxd4 12. Rad1 Nc6 13. Be2 Be5 14. Bf1 b5
15. Rd3 Qb6 16. a3 Bb7 17. Qh3 Ne7 18. Rf3 Ng6 19. Qg4 Rac8 20. Ree3 Bd4 21.
Rd3 Ne5 22. Qf4 Nxf3+ 23. Rxf3 Rc5 24. Rh3 Rg5 25. Qd2 f5 26. Qe2 fxe4 27. Nxe4
Bxe4 28. c3 Bxf2+ 29. Kh1 d5 30. a4 bxa4 31. Qxa6 Qxa6 32. Bxa6 Bxg2# 0-1

[Event "C.to Regionale Lombardia"]
[Site "Solaro ITA"]
[Date "2010.05.30"]
[Round "5"]
[White "Guzzetti, Luigi Enrico"]
[Black "Ranfagni, Stefano"]
[Result "0-1"]
[WhiteElo "1880"]
[BlackElo "2011"]
[PlyCount "66"]
[EventDate "2010.05.28"]

1. e4 e5 2. Nf3 Nf6 3. Nxe5 d6 4. Nf3 Nxe4 5. Nc3 Nxc3 6. dxc3 Be6 7. Bd3 Be7
8. O-O h6 9. Re1 Nc6 10. Nd4 Nxd4 11. cxd4 d5 12. Bf4 Qd7 13. Qe2 O-O-O 14. a4
g5 15. Bg3 Rde8 16. Be5 f6 17. Bg3 Bd6 18. Bxd6 Qxd6 19. c3 h5 20. Qc2 h4 21.
Rxe6 Rxe6 22. Bf5 Kd8 23. Bxe6 Qxe6 24. h3 g4 25. Qd3 Rg8 26. Kf1 Re8 27. hxg4
Qxg4 28. Qf3 Qxf3 29. gxf3 h3 30. b3 Kd7 31. Ra2 Rg8 32. Ke2 h2 33. Ra1 Rg1 0-1